Finish that Phrase! "I trust my..." - Statistics

General Stats
  • This quiz has been taken 146 times
    145 since last reset
  • The average score is 4 of 10
Answer Stats
Rank "I trust my..." % Correct
10 Friends
79%
3 Gut
62%
4 Wife
45%
8 Husband
43%
2 Instincts
35%
5 Brother
33%
7 Son
27%
6 Intuition
19%
9 Life (to..., with...)
12%
1 (Own) Judgment
4%
No matching quizzes found
Score Distribution
Percent of People with Each Score
Percentile by Number Answered
Your Score History
You have not taken this quiz since the last reset